[Event "Wuerttemberg-ch KT"]
[Site "Stuttgart"]
[Date "2015.09.03"]
[Round "6"]
[White "Klaus, Dominik"]
[Black "Wendler, Werner"]
[Result "1/2-1/2"]
[WhiteElo "1980"]
[BlackElo "2056"]
[PlyCount "53"]
[EventDate "2015.08.29"]
[EventType "swiss"]
[EventRounds "9"]
[EventCountry "GER"]
[SourceTitle "EXT 2017"]
[Source "ChessBase"]
[SourceDate "2016.10.25"]
[SourceVersion "1"]
[SourceVersionDate "2016.10.25"]
[SourceQuality "1"]

1. d4 Nf6 2. c4 c5 3. Nf3 cxd4 4. Nxd4 Nc6 5. Nc3 g6 6. e4 d6 7. Be2 Bg7 8. Be3 0-0 9. f3 Nd7 10. Qd2 Nc5 11. 0-0 Nxd4 12. Bxd4 Bxd4+ 13. Qxd4 Bd7 14. f4 Na4 15. Nd5 Bc6 16. b3 Bxd5 17. Qxd5 Nc3 18. Qd3 Nxe2+ 19. Qxe2 Qa5 20. Rf3 Rab8 21. f5 Qe5 22. Raf1 b5 23. Kh1 bxc4 24. fxg6 hxg6 25. Qxc4 Rbc8 26. Qd3 Rc5 27. h3 1/2-1/2

[Event "Wuerttemberg-ch KT"]
[Site "Stuttgart"]
[Date "2015.09.01"]
[Round "4"]
[White "Klaus, Dominik"]
[Black "Pflaum, Stefan"]
[Result "1/2-1/2"]
[WhiteElo "1980"]
[BlackElo "2064"]
[PlyCount "59"]
[EventDate "2015.08.29"]
[EventType "swiss"]
[EventRounds "9"]
[EventCountry "GER"]
[SourceTitle "EXT 2017"]
[Source "ChessBase"]
[SourceDate "2016.10.25"]
[SourceVersion "1"]
[SourceVersionDate "2016.10.25"]
[SourceQuality "1"]

1. d4 f5 2. g3 Nf6 3. Nf3 g6 4. Bg2 Bg7 5. 0-0 0-0 6. b3 d6 7. Bb2 Na6 8. c4 Qe8 9. Nbd2 c6 10. Re1 Ne4 11. a3 Qf7 12. Qc2 Nxd2 13. Qxd2 f4 14. e3 fxg3 15. fxg3 Bg4 16. Rf1 Qe6 17. e4 Qd7 18. Rae1 Nc7 19. Rf2 Rae8 20. Qe3 a6 21. Bc3 Rf7 22. Ref1 Ref8 23. Ng5 Rxf2 24. Rxf2 Rxf2 25. Qxf2 Bf6 26. Qf4 h6 27. Nf3 Bg7 28. Qe3 Kh7 29. Bf1 Qe6 30. Kf2 1/2-1/2

[Event "Rhein Main op-A 18th"]
[Site "Bad Homburg"]
[Date "2015.06.06"]
[Round "6"]
[White "Klaus, Dominik"]
[Black "Wenner, Tobias"]
[Result "1/2-1/2"]
[WhiteElo "1975"]
[BlackElo "2132"]
[PlyCount "39"]
[EventDate "2015.06.03"]
[EventType "swiss"]
[EventRounds "7"]
[EventCountry "GER"]
[SourceTitle "CBM 167 Extra"]
[Source "ChessBase"]
[SourceDate "2015.09.14"]
[SourceVersion "1"]
[SourceVersionDate "2015.09.14"]
[SourceQuality "1"]

1. d4 f5 2. Nf3 Nf6 3. g3 g6 4. Bg2 Bg7 5. b3 d6 6. Bb2 0-0 7. 0-0 c6 8. c4 a5 9. a3 Na6 10. Nbd2 e5 11. dxe5 Ng4 12. Qc2 Nxe5 13. e4 Nxf3+ 14. Bxf3 Bxb2 15. Qxb2 fxe4 16. Bxe4 Bh3 17. Rfe1 Qb6 18. Re3 Rae8 19. Rae1 Qd8 20. Bg2 1/2-1/2

[Event "Rhein Main op-A 18th"]
[Site "Bad Homburg"]
[Date "2015.06.04"]
[Round "2"]
[White "Klaus, Dominik"]
[Black "Fieberg, Samuel"]
[Result "0-1"]
[WhiteElo "1975"]
[BlackElo "2168"]
[PlyCount "88"]
[EventDate "2015.06.03"]
[EventType "swiss"]
[EventRounds "7"]
[EventCountry "GER"]
[SourceTitle "CBM 167 Extra"]
[Source "ChessBase"]
[SourceDate "2015.09.14"]
[SourceVersion "1"]
[SourceVersionDate "2015.09.14"]
[SourceQuality "1"]

1. d4 d5 2. c4 c6 3. Nf3 Nf6 4. Nc3 e6 5. Bg5 dxc4 6. e4 b5 7. e5 h6 8. Bh4 g5 9. Nxg5 hxg5 10. Bxg5 Nbd7 11. exf6 Bb7 12. Be2 Qb6 13. Bf3 0-0-0 14. Qe2 Qxd4 15. Rd1 Qb6 16. 0-0 Nc5 17. Rxd8+ Qxd8 18. Rd1 Nd3 19. Be4 Bd6 20. g3 Nb4 21. h4 Nd5 22. Bg2 Qa5 23. Ne4 Bf8 24. a3 Qc7 25. Qd2 a5 26. Qe2 Ba6 27. h5 Kb7 28. h6 b4 29. axb4 axb4 30. Qh5 Rh7 31. Bf1 Qe5 32. Qg4 Qxb2 33. Nd2 Bc5 34. Bxc4 Bxc4 35. Qxc4 Qd4 36. Qf1 Nc3 37. Re1 Qg4 38. Bf4 Nd5 39. Be5 Qh5 40. Nc4 Rxh6 41. Na5+ Ka7 42. Qg2 Kb6 43. Ra1 Qe2 44. Bb2 Kb5 0-1

[Event "Stuttgart-chA int"]
[Site "Ditzingen"]
[Date "2013.05.10"]
[Round "3"]
[White "Klaus, Dominik"]
[Black "Zorn, Nico"]
[Result "1-0"]
[WhiteElo "1880"]
[BlackElo "1837"]
[PlyCount "81"]
[EventDate "2013.05.09"]
[EventType "swiss"]
[EventRounds "7"]
[EventCountry "GER"]
[SourceTitle "EXT 2014"]
[Source "ChessBase"]
[SourceDate "2013.11.20"]
[SourceVersion "1"]
[SourceVersionDate "2013.11.20"]
[SourceQuality "1"]

1. d4 d6 2. c4 g6 3. Nf3 Bg7 4. g3 Nf6 5. Bg2 0-0 6. 0-0 c5 7. d5 b6 8. Nc3 Bb7 9. e4 Nbd7 10. Ne1 Ne5 11. Qe2 Qc7 12. f4 Ned7 13. g4 e5 14. f5 a6 15. g5 Nh5 16. f6 Ndxf6 17. gxf6 Nxf6 18. Nd3 Qe7 19. a4 a5 20. Nb5 Ba6 21. b3 Bxb5 22. cxb5 Nd7 23. Bh3 h6 24. Nb2 Rab8 25. Ra2 Kh7 26. Nc4 Nf6 27. Qe1 Nh5 28. Rg2 g5 29. Bf5+ Kh8 30. Qe2 Nf4 31. Bxf4 exf4 32. Qh5 Bd4+ 33. Kh1 Qf6 34. h4 Rg8 35. Rh2 gxh4 36. Rxh4 Rg5 37. Qxh6+ Qxh6 38. Rxh6+ Kg7 39. Rh7+ Kf6 40. Nxd6 Rbg8 41. Rxf7+ 1-0

[Event "Reutlingen op 15th"]
[Site "Reutlingen"]
[Date "2010.05.21"]
[Round "1"]
[White "Klaus, Dominik"]
[Black "Stark, Rainer"]
[Result "0-1"]
[WhiteElo "1764"]
[BlackElo "2137"]
[PlyCount "114"]
[EventDate "2010.05.21"]
[EventType "swiss"]
[EventRounds "7"]
[EventCountry "GER"]
[SourceTitle "CBM 136 Extra"]
[Source "ChessBase"]
[SourceDate "2010.07.02"]
[SourceVersion "2"]
[SourceVersionDate "2010.07.15"]
[SourceQuality "1"]

1. f4 d5 2. Nf3 Nf6 3. e3 e6 4. b3 Bd6 5. Bb2 0-0 6. g3 c5 7. Bg2 Nc6 8. 0-0 Re8 9. Nc3 e5 10. Nb5 Bb8 11. fxe5 Nxe5 12. Nxe5 Bxe5 13. d4 cxd4 14. exd4 Bg4 15. Bf3 Bxf3 16. Qxf3 Qb6 17. Qf2 Bd6 18. Nxd6 Qxd6 19. c4 Re7 20. Rae1 Rae8 21. Re5 Qd7 22. cxd5 Nxd5 23. Qf3 Rxe5 24. dxe5 Nb4 25. Qc3 Nc6 26. e6 fxe6 27. Qf3 Nd4 28. Qf2 e5 29. Ba3 h6 30. Bc5 b6 31. Bb4 Nc6 32. Bc3 Qe7 33. Qd2 Rd8 34. Qf2 Rf8 35. Qxf8+ Qxf8 36. Rxf8+ Kxf8 37. Kf2 Kf7 38. Ke3 Ke6 39. Ke4 h5 40. h3 g6 41. g4 hxg4 42. hxg4 Nd4 43. Bxd4 exd4 44. Kxd4 Kf6 45. Ke4 Kg5 46. Kf3 b5 47. a4 bxa4 48. bxa4 Kh4 49. Kf4 g5+ 50. Kf3 a5 51. Kg2 Kxg4 52. Kg1 Kf3 53. Kf1 Ke3 54. Kg2 Kd3 55. Kg3 Kc4 56. Kg4 Kb4 57. Kxg5 Kxa4 0-1